[Event "Santo Domingo U2000 op"]
[Site "Santo Domingo"]
[Date "2017.06.11"]
[Round "8"]
[White "Perez Feliz, Jose Enrique"]
[Black "Duran Moya, Joel Aneudy"]
[Result "0-1"]
[WhiteElo "1837"]
[BlackElo "1889"]
[PlyCount "70"]
[EventDate "2017.06.02"]
[EventType "swiss"]
[EventRounds "8"]
[EventCountry "DOM"]
[SourceTitle "CBM 178 Extra"]
[Source "ChessBase"]
[SourceDate "2017.06.22"]
[SourceVersion "1"]
[SourceVersionDate "2017.06.22"]
[SourceQuality "1"]

1. e4 c5 2. Nf3 Nc6 3. d4 cxd4 4. Nxd4 g6 5. Nc3 Bg7 6. Be3 Nf6 7. Bc4 Qa5 8. f3 a6 9. a3 b5 10. Bb3 Bb7 11. 0-0 0-0 12. Nd5 Nxd5 13. Bxd5 Qc7 14. c3 Rad8 15. Ba2 e6 16. Qe2 d5 17. exd5 Nxd4 18. Bxd4 Bxd4+ 19. cxd4 Bxd5 20. Rfd1 Qb6 21. Qe3 Bxa2 22. Rxa2 Rd5 23. b4 Rfd8 24. Rad2 e5 25. Kf1 exd4 26. Qe4 Qd6 27. g3 d3 28. Kf2 Kf8 29. Qe3 Re8 30. Qa7 Re7 31. Qa8+ Kg7 32. Qc8 Qb6+ 33. Kg2 Qd4 34. Qg4 Qc3 35. Qf4 Qxa3 0-1

[Event "Santo Domingo U2000 op"]
[Site "Santo Domingo"]
[Date "2017.06.10"]
[Round "7"]
[White "Duran Moya, Joel Aneudy"]
[Black "Steel Stephen, Daniel Alberto"]
[Result "1-0"]
[WhiteElo "1889"]
[BlackElo "1928"]
[PlyCount "83"]
[EventDate "2017.06.02"]
[EventType "swiss"]
[EventRounds "8"]
[EventCountry "DOM"]
[SourceTitle "CBM 178 Extra"]
[Source "ChessBase"]
[SourceDate "2017.06.22"]
[SourceVersion "1"]
[SourceVersionDate "2017.06.22"]
[SourceQuality "1"]

1. e4 c6 2. d4 d5 3. exd5 cxd5 4. Nf3 Nf6 5. Bd3 Nc6 6. c3 e6 7. Bg5 h6 8. Bh4 g5 9. Bg3 Bg7 10. Nbd2 0-0 11. h4 g4 12. Ne5 h5 13. f3 Qb6 14. Nb3 a5 15. Qe2 a4 16. Nc5 Ra5 17. fxg4 Nxe5 18. Bxe5 Nxg4 19. Bxg7 Kxg7 20. Rf1 Qd6 21. Rf3 b6 22. b4 axb3 23. Nxb3 Ra3 24. 0-0-0 Bd7 25. Bb1 Ra7 26. Rdf1 f5 27. g3 Bc8 28. Qd2 Qe7 29. Re1 Qf6 30. Qb2 Ba6 31. Qa3 Rff7 32. Qd6 Rfe7 33. Qxb6 Bc4 34. Nc5 Bxa2 35. Rxe6 Rxe6 36. Nxe6+ Kh8 37. Rxf5 Qh6+ 38. Rg5 Ra8 39. Bxa2 Rf8 40. Bxd5 Ne3 41. Qd6 Rc8 42. Qe5+ 1-0

[Event "DOM-ch"]
[Site "Santo Domingo"]
[Date "2017.04.21"]
[Round "1"]
[White "Duran Moya, Joel Aneudy"]
[Black "Feliz Dotel, Dewar Bienvenido"]
[Result "0-1"]
[WhiteElo "1901"]
[BlackElo "2111"]
[PlyCount "114"]
[EventDate "2017.04.21"]
[EventType "swiss"]
[EventRounds "11"]
[EventCountry "DOM"]
[SourceTitle "CBM 178 Extra"]
[Source "ChessBase"]
[SourceDate "2017.06.22"]
[SourceVersion "1"]
[SourceVersionDate "2017.06.22"]
[SourceQuality "1"]

1. e4 c5 2. Nf3 Nc6 3. d4 cxd4 4. Nxd4 g6 5. c3 Bg7 6. Be3 Nf6 7. Nd2 0-0 8. Be2 d5 9. Bf3 Ne5 10. 0-0 Nxf3+ 11. Qxf3 e5 12. N4b3 dxe4 13. Nxe4 Nxe4 14. Qxe4 Qc7 15. Rad1 Bd7 16. Rfe1 Bc6 17. Qh4 Rad8 18. f3 b6 19. Bh6 Rxd1 20. Rxd1 Bxh6 21. Qxh6 e4 22. fxe4 Bxe4 23. Re1 Bd5 24. Qg5 Be6 25. Qe5 Qxe5 26. Rxe5 Rd8 27. Kf2 Bxb3 28. axb3 Rd2+ 29. Re2 Rxe2+ 30. Kxe2 a5 31. Kd3 f5 32. Kc4 g5 33. Kb5 f4 34. Kc4 Kf7 35. Kd5 Kf6 36. Ke4 Ke6 37. h3 h6 38. c4 Kf6 39. h4 Ke6 40. b4 axb4 41. b3 Kf6 42. Kd5 g4 43. Ke4 f3 44. gxf3 g3 45. Ke3 Kf5 46. f4 g2 47. Kf2 Kxf4 48. Kxg2 Kg4 49. h5 Kxh5 50. Kf3 Kg5 51. Ke4 h5 52. Kd5 h4 53. Kc6 h3 54. Kxb6 h2 55. c5 h1Q 56. c6 Kf6 57. c7 Qa8 0-1

[Event "Santo Domingo Independencia op"]
[Site "Santo Domingo"]
[Date "2017.03.03"]
[Round "5"]
[White "Rodriguez Mejia, Eddy Gabriel"]
[Black "Duran Moya, Joel Aneudy"]
[Result "0-1"]
[WhiteElo "1654"]
[BlackElo "1909"]
[PlyCount "86"]
[EventDate "2017.02.24"]
[EventType "swiss"]
[EventRounds "7"]
[EventCountry "DOM"]
[SourceTitle "CBM 177 Extra"]
[Source "ChessBase"]
[SourceDate "2017.04.27"]
[SourceVersion "1"]
[SourceVersionDate "2017.04.27"]
[SourceQuality "1"]

1. e4 g6 2. d3 Bg7 3. g3 d6 4. Bg2 e5 5. Nf3 Nf6 6. 0-0 0-0 7. h3 Nc6 8. c3 Bd7 9. Re1 Qe7 10. Be3 Rad8 11. Nbd2 d5 12. Nb3 dxe4 13. Bc5 Qe8 14. Bxf8 Bxf8 15. dxe4 Bxh3 16. Qc2 Bg4 17. Rad1 Bd6 18. Qc1 a5 19. Nbd2 Nd7 20. Nf1 Nc5 21. Ne3 Be6 22. Nd5 Nd7 23. Kh2 Bc5 24. Nxc7 Qf8 25. Re2 Bxa2 26. Rh1 Qd6 27. Nb5 Qe7 28. Na3 b5 29. Kg1 b4 30. Qh6 f6 31. Nc2 bxc3 32. bxc3 Rb8 33. Rd2 Bb3 34. Nh4 Nf8 35. Ne3 a4 36. Nd5 Qf7 37. Bf3 a3 38. Bh5 Bxd5 39. exd5 a2 40. Kg2 Rb1 41. Rdd1 a1Q 42. Rxb1 Qa2 43. Rbf1 Qaxd5+ 0-1

[Event "DOM-ch"]
[Site "Santo Domingo"]
[Date "2016.04.16"]
[Round "10"]
[White "Duran Moya, Joel Aneudy"]
[Black "De Los Santos Nunez, Eddy"]
[Result "1-0"]
[WhiteElo "1899"]
[BlackElo "2168"]
[PlyCount "113"]
[EventDate "2016.04.01"]
[EventType "swiss"]
[EventRounds "11"]
[EventCountry "DOM"]
[SourceTitle "CBM 171 Extra"]
[Source "ChessBase"]
[SourceDate "2016.04.26"]
[SourceVersion "1"]
[SourceVersionDate "2016.04.26"]
[SourceQuality "1"]

1. e4 c5 2. Nf3 d6 3. d4 cxd4 4. Qxd4 Nc6 5. Bb5 Bd7 6. Bxc6 bxc6 7. Nc3 Qb6 8. 0-0 Qxd4 9. Nxd4 g6 10. Be3 Bg7 11. Rab1 Nf6 12. h3 0-0 13. Rfe1 Rfb8 14. Nb3 a5 15. Bg5 h6 16. Bh4 g5 17. Bg3 Nh5 18. Re3 a4 19. Nd2 Nxg3 20. Rxg3 Be5 21. Rd3 a3 22. b3 Be6 23. Ne2 d5 24. Nd4 dxe4 25. Nxe4 Bd5 26. Nc5 Bd6 27. Rc3 Be5 28. Rd3 Ra7 29. Nf5 Kh7 30. Re1 Bd6 31. Ne4 Bb4 32. c3 Ba5 33. Nd2 Kg6 34. Nxe7+ Kg7 35. Nxd5 cxd5 36. b4 Bd8 37. Rxd5 Rc7 38. Ne4 Rc4 39. Rc5 Rxc5 40. Nxc5 Rc8 41. Re8 Rb8 42. Nd7 Rc8 43. Nc5 Rb8 44. Kf1 h5 45. Ke2 Kg6 46. Kd3 Kf5 47. Kc4 g4 48. hxg4+ Kxg4 49. Rf8 f6 50. Ne6 Bc7 51. f3+ Kh4 52. Rxf6 Bd6 53. Ng7 Rh8 54. Kd5 Bg3 55. b5 Rg8 56. Rf7 Kg5 57. Ne6+ 1-0

[Event "DOM-ch"]
[Site "Santo Domingo"]
[Date "2016.04.10"]
[Round "8"]
[White "Medina, Cesar"]
[Black "Duran Moya, Joel Aneudy"]
[Result "0-1"]
[WhiteElo "1760"]
[BlackElo "1899"]
[PlyCount "152"]
[EventDate "2016.04.01"]
[EventType "swiss"]
[EventRounds "11"]
[EventCountry "DOM"]
[SourceTitle "CBM 171 Extra"]
[Source "ChessBase"]
[SourceDate "2016.04.26"]
[SourceVersion "1"]
[SourceVersionDate "2016.04.26"]
[SourceQuality "1"]

1. e4 e6 2. d4 d5 3. e5 c5 4. c3 Qb6 5. Nf3 Nc6 6. Na3 cxd4 7. cxd4 Bxa3 8. bxa3 Nge7 9. Bd3 Bd7 10. Rb1 Qc7 11. 0-0 a6 12. a4 Rc8 13. Ba3 Na5 14. Qc1 Bxa4 15. Qg5 Ng6 16. Rfc1 Bc6 17. Bc5 b5 18. a4 Nc4 19. axb5 Bxb5 20. Nd2 h6 21. Nxc4 dxc4 22. Qd2 cxd3 23. Bd6 Qb7 24. Rxc8+ Qxc8 25. Rc1 Bc6 26. Qxd3 Ne7 27. Qc4 Bd7 28. Qf1 Qb7 29. Rc7 Qb5 30. Qc1 Nc6 31. h3 h5 32. Qg5 Qb1+ 33. Kh2 Qg6 34. Qc1 Qe4 35. Qb2 Qf4+ 36. Kg1 Qxd4 37. Qb7 Nd8 38. Qxa6 Qd5 39. Qb6 Qd1+ 40. Kh2 Qa4 41. Qb8 f6 42. Ra7 Qf4+ 43. Kg1 Qc1+ 44. Kh2 Qf4+ 45. Kg1 Qc1+ 46. Kh2 fxe5 47. Rc7 Qf4+ 48. Kg1 Qa4 49. Bxe5 0-0 50. Qb1 Qb5 51. Qa1 Rf7 52. Bd4 Nc6 53. Qa8+ Kh7 54. Be3 Qb8 55. Qxb8 Nxb8 56. Rc4 Nc6 57. Rh4 g6 58. g4 Ne7 59. Bg5 Nd5 60. Bd2 Nf4 61. gxh5 Nxh5 62. Kg2 Bc6+ 63. Kf1 Bf3 64. Ke1 Ra7 65. Rc4 Ra1+ 66. Rc1 Rxc1+ 67. Bxc1 Kg7 68. Kd2 Kf6 69. Ke3 Bg2 70. h4 Kf5 71. f3 Bf1 72. Kd4 e5+ 73. Ke3 Nf4 74. Bd2 Bb5 75. Kf2 Bc6 76. Kg3 Ne2+ 0-1

[Event "DOM-ch"]
[Site "Santo Domingo"]
[Date "2016.04.08"]
[Round "5"]
[White "Mendez, Ruddy Antonio"]
[Black "Duran Moya, Joel Aneudy"]
[Result "1-0"]
[WhiteElo "2050"]
[BlackElo "1899"]
[PlyCount "121"]
[EventDate "2016.04.01"]
[EventType "swiss"]
[EventRounds "11"]
[EventCountry "DOM"]
[SourceTitle "CBM 171 Extra"]
[Source "ChessBase"]
[SourceDate "2016.04.26"]
[SourceVersion "1"]
[SourceVersionDate "2016.04.26"]
[SourceQuality "1"]

1. d4 g6 2. c4 Bg7 3. Nc3 d6 4. g3 Nf6 5. Bg2 0-0 6. Nf3 a5 7. 0-0 Na6 8. h3 c5 9. d5 Rb8 10. e4 Nc7 11. a4 Na6 12. Re1 Nb4 13. Nb5 Bd7 14. Rb1 Ne8 15. Bf4 Nc7 16. Qd2 Nxb5 17. axb5 Re8 18. Bh6 Bh8 19. Ng5 Qc8 20. Kh2 Bg7 21. Bxg7 Kxg7 22. Qc3+ Kg8 23. f4 h6 24. Nf3 Rf8 25. Rf1 f6 26. Rbe1 Qc7 27. Nh4 Be8 28. e5 Rd8 29. exf6 exf6 30. Re6 Qg7 31. Rfe1 b6 32. Re7 Bf7 33. R1e6 Rfe8 34. Rxe8+ Bxe8 35. Be4 f5 36. Bb1 Qd4 37. Qxd4 cxd4 38. Nf3 Bf7 39. Re7 d3 40. Re3 Rc8 41. Nd2 Re8 42. Rxe8+ Bxe8 43. Kg2 g5 44. Kf3 Bh5+ 45. g4 fxg4+ 46. hxg4 Bg6 47. f5 Bh7 48. Ke4 h5 49. gxh5 Kf7 50. Bxd3 Nxd3 51. Kxd3 Bxf5+ 52. Ne4 g4 53. Ke3 Ke7 54. Kf4 Bh7 55. Nf2 Bb1 56. Nxg4 Kf7 57. Kg5 Bd3 58. Ne3 a4 59. h6 Bb1 60. Nf5 Kg8 61. Nxd6 1-0

[Event "Santo Domingo op U2100"]
[Site "Santo Domingo"]
[Date "2015.02.13"]
[Round "5"]
[White "Duran Moya, Joel Aneudy"]
[Black "Sanchez, Carlos"]
[Result "1-0"]
[WhiteElo "1901"]
[BlackElo "1932"]
[PlyCount "79"]
[EventDate "2015.02.06"]
[EventType "swiss"]
[EventRounds "8"]
[EventCountry "DOM"]
[SourceTitle "CBM 164 Extra"]
[Source "ChessBase"]
[SourceDate "2015.03.02"]
[SourceVersion "1"]
[SourceVersionDate "2015.03.02"]
[SourceQuality "1"]

1. e4 e6 2. d4 d5 3. exd5 exd5 4. Bd3 Nf6 5. Nf3 g6 6. 0-0 Be7 7. Re1 0-0 8. Ne5 Re8 9. Nd2 Nbd7 10. Ndf3 Nf8 11. Bg5 Nh5 12. Bxe7 Rxe7 13. Bb5 Nf4 14. Qd2 N8e6 15. Bf1 f6 16. Ng4 Qf8 17. g3 Nh5 18. Ne3 c6 19. c4 Nc7 20. cxd5 Nxd5 21. Nxd5 cxd5 22. Rxe7 Qxe7 23. Re1 Be6 24. Bh3 Ng7 25. Qe2 Re8 26. Qb5 Rd8 27. Qa5 b6 28. Qb5 Qd6 29. Bxe6+ Nxe6 30. Rc1 Kf7 31. Qa6 Qd7 32. a4 g5 33. Qd3 Nf8 34. Qa6 Ne6 35. Qd3 Rh8 36. Qf5 Qd6 37. Re1 h6 38. Ne5+ Kg8 39. Qxf6 Rh7 40. Ng6 1-0